000 00352nam a22001577a 4500
003 MPLRDC
005 20220104143514.0
008 210129b ||||| |||| 00| 0 eng d
082 _a383.52 SZST v.88
100 _a不详
245 _a水族生态. 88
_c
260 _a
_b不详
_c1988
300 _b
650 _a
942 _cBK
_o383.52 SZST v.88
999 _c40561
_d40551